[Event "Bad Woerishofen op"]
[Site "?"]
[Date "2000.??.??"]
[Round "3"]
[White "Popitz, Andreas"]
[Black "Senff, Martin"]
[Result "0-1"]
[WhiteElo "2177"]
[BlackElo "2349"]
[PlyCount "122"]
[EventDate "2000.??.??"]

1. d4 d5 2. Nf3 Nf6 3. c3 c5 4. Bf4 Nc6 5. e3 Qb6 6. Qb3 c4 7. Qc2 Bf5 8. Qc1
e6 9. h3 h6 10. Nbd2 Qd8 11. Be2 Be7 12. O-O O-O 13. Bd1 b5 14. Bc2 Bxc2 15.
Qxc2 b4 16. Qa4 Qd7 17. Qa6 Nb8 18. Qa5 Nc6 19. Qa6 Qc8 20. Qa4 Nd7 21. e4 Nb6
22. Qc2 Qa6 23. Ne5 Nxe5 24. Bxe5 Qa5 25. exd5 exd5 26. Rfe1 Rfe8 27. Nf3 Nd7
28. Qf5 bxc3 29. bxc3 Nxe5 30. Qxe5 Qxc3 31. Qxd5 Red8 32. Qb5 Qb4 33. Rab1
Qxb5 34. Rxb5 Bf6 35. Rc5 Rac8 36. Rxc8 Rxc8 37. Rc1 Kf8 38. Kf1 Ke7 39. Ke2
Kd6 40. Rb1 Rc6 41. Ne5 Bxe5 42. dxe5+ Kxe5 43. Rb7 Ra6 44. Rxf7 Kd4 45. Rd7+
Kc3 46. Rxg7 Rxa2+ 47. Ke3 Kc2 48. f4 c3 49. f5 Ra6 50. Rg6 Ra5 51. f6 Kb2 52.
f7 c2 53. f8=Q c1=Q+ 54. Kf2 Qc2+ 55. Kg1 Qxg6 56. Qb4+ Kc2 57. Qxa5 Qb6+ 58.
Qxb6 axb6 59. g4 b5 60. h4 b4 61. g5 b3 0-1

[Event "Bad Woerishofen op"]
[Site "?"]
[Date "2000.??.??"]
[Round "7"]
[White "Popitz, Andreas"]
[Black "von Saldern, Ruediger"]
[Result "1-0"]
[WhiteElo "2177"]
[BlackElo "1900"]
[PlyCount "85"]
[EventDate "2000.??.??"]

1. d4 d5 2. Nf3 Nf6 3. Bf4 e6 4. e3 Nbd7 5. c3 Nh5 6. Bg3 Nxg3 7. hxg3 h6 8. g4
Be7 9. Bd3 c5 10. Nbd2 c4 11. Bc2 b5 12. e4 Bb7 13. e5 b4 14. Qe2 Qa5 15. Qe3
O-O-O 16. O-O h5 17. g5 Rdf8 18. cxb4 Bxb4 19. a3 Be7 20. b3 Nb6 21. Rfc1 Kd7
22. bxc4 dxc4 23. Be4 Bxe4 24. Qxe4 Qd5 25. Qf4 f6 26. Qe3 fxg5 27. Nxg5 Rf5
28. Nge4 Rhf8 29. Rc2 Rc8 30. Nc3 Qa5 31. Nde4 h4 32. Rb1 Nd5 33. Nxd5 exd5 34.
Qh3 g6 35. Nd6 Bxd6 36. exd6 Qd8 37. Re2 Kxd6 38. Qh2+ Kd7 39. Rb7+ Kc6 40.
Rxa7 Kb6 41. Ree7 Rf6 42. Qe5 Rd6 43. Qe1 1-0

[Event "Bad Woerishofen op"]
[Site "Bad Woerishofen"]
[Date "2000.??.??"]
[Round "1"]
[White "Popp, Michael"]
[Black "Koglin, Anke"]
[Result "0-1"]
[WhiteElo "1887"]
[BlackElo "2270"]
[PlyCount "154"]
[EventDate "1998.03.05"]
[Source "ChessBase"]
[SourceDate "1998.04.29"]

1. Nf3 d5 2. d4 Nf6 3. Bg5 Ne4 4. Bf4 c5 5. c3 Qb6 6. Qb3 c4 7. Qxb6 axb6 8.
Nbd2 Bf5 9. Nxe4 Bxe4 10. Nd2 Bg6 11. g3 e6 12. Bxb8 Rxb8 13. Bg2 b5 14. a3 Be7
15. e4 dxe4 16. Nxe4 O-O 17. f4 Rfd8 18. O-O f6 19. Rfe1 Be8 20. Nd2 Kf7 21.
Re2 Bd6 22. Nf3 Bc6 23. Rf1 Bc7 24. Rfe1 Re8 25. Kf2 Rbd8 26. Bh3 Bd5 27. Bg2
h6 28. Kg1 g6 29. h4 Re7 30. Nh2 Bxg2 31. Kxg2 Rde8 32. Nf3 Rd8 33. Kf2 Rd5 34.
Kg2 Rf5 35. Re4 Re8 36. R4e2 Rd5 37. Rf1 Ke7 38. Rfe1 Kd7 39. Kf2 Rd6 40. Kg2
Bd8 41. Rf1 Be7 42. Rfe1 Bf8 43. Nd2 Rd5 44. Ne4 Be7 45. Nd2 Bd8 46. Nf3 b6 47.
Kf2 Bc7 48. Kg2 Bd6 49. Nh2 h5 50. Nf1 Bf8 51. f5 Rd6 52. fxg6 Bh6 53. g4 hxg4
54. Ng3 Rd5 55. Ne4 Bg7 56. Kg3 Rh5 57. Rf1 Ke7 58. Ng5 Kd7 59. Nf7 f5 60. Ne5+
Kd6 61. Rh1 Bf6 62. Rhh2 Rg8 63. Re1 Bxe5+ 64. dxe5+ Kc7 65. Rd1 Rxg6 66. Rd6
Rh7 67. Rhd2 Rf7 68. h5 Rh6 69. Rd8 Rxh5 70. Ra8 Rh3+ 71. Kf4 Rf3+ 72. Kg5 Rd3
73. Rh2 Kc6 74. Kg6 Rdd7 75. Kg5 g3 76. Rhh8 g2 77. Rac8+ Kd5 0-1

[Event "Bad Woerishofen op"]
[Site "?"]
[Date "2000.??.??"]
[Round "3"]
[White "Popp, Michael"]
[Black "Huber, Stefan"]
[Result "1-0"]
[WhiteElo "1887"]
[BlackElo "2150"]
[PlyCount "87"]
[EventDate "2000.??.??"]

1. Nf3 Nf6 2. c4 g6 3. Nc3 d5 4. cxd5 Nxd5 5. e4 Nxc3 6. dxc3 Qxd1+ 7. Kxd1 f6
8. Be3 Nc6 9. Kc2 Bd7 10. Rd1 e5 11. Rd2 Bd6 12. Ne1 O-O-O 13. Nd3 Be6 14. b3
f5 15. f3 Rhf8 16. Be2 h5 17. Rhd1 Bg8 18. Bg5 Rde8 19. Be3 f4 20. Bf2 g5 21.
h3 Bh7 22. Nc5 Re7 23. Kb2 Nb8 24. Bc4 Bg8 25. Bd5 Bxd5 26. exd5 b6 27. Ne4 Rg7
28. b4 Nd7 29. Kb3 g4 30. c4 gxf3 31. gxf3 Nf6 32. c5 Nxe4 33. fxe4 bxc5 34.
bxc5 Be7 35. Kc4 Rg2 36. c6 a6 37. Rb1 Rxf2 38. Rxf2 Bh4 39. Rf3 Kd8 40. Rg1
Rf6 41. Rg7 Rh6 42. Rb3 Kc8 43. Rg8+ Bd8 44. Ra3 1-0

[Event "Bad Woerishofen op"]
[Site "?"]
[Date "2000.??.??"]
[Round "5"]
[White "Popp, Michael"]
[Black "Nun, Gottfried"]
[Result "1/2-1/2"]
[WhiteElo "1887"]
[BlackElo "2141"]
[PlyCount "79"]
[EventDate "2000.??.??"]

1. Nf3 Nf6 2. c4 g6 3. Nc3 Bg7 4. e4 d6 5. d4 O-O 6. Be2 Nbd7 7. O-O e5 8. Be3
c6 9. b4 exd4 10. Nxd4 Re8 11. Qc2 Qe7 12. f3 d5 13. cxd5 cxd5 14. Ndb5 dxe4
15. Bg5 Qxb4 16. Bf4 Qc5+ 17. Kh1 Nd5 18. Bd6 Qc6 19. fxe4 Nxc3 20. Qb3 Nf6 21.
Rac1 Qxe4 22. Nxc3 Qe6 23. Bc4 Qxd6 24. Bxf7+ Kh8 25. Bxe8 Be6 26. Qxb7 Rxe8
27. Qxa7 Ng4 28. Qg1 Bh6 29. Rce1 Rc8 30. Ne4 Qd5 31. h3 Bf5 32. Ng3 Nf6 33.
Nxf5 gxf5 34. Rd1 Qe5 35. Qd4 Qxd4 36. Rxd4 Ne4 37. Kh2 Bf8 38. Rd3 Bd6+ 39.
Kg1 Bc5+ 40. Kh2 1/2-1/2

[Event "Bad Woerishofen op"]
[Site "?"]
[Date "2000.??.??"]
[Round "8"]
[White "Popp, Michael"]
[Black "Schmidt, Thomas"]
[Result "1-0"]
[WhiteElo "1887"]
[BlackElo "1715"]
[PlyCount "87"]
[EventDate "2000.??.??"]

1. Nf3 d6 2. c4 e5 3. Nc3 f5 4. d4 e4 5. Nd2 Nf6 6. e3 c6 7. Qc2 Na6 8. a3 Nc7
9. b4 d5 10. Bb2 Be7 11. Rc1 O-O 12. b5 Bd7 13. Qb3 Kh8 14. a4 cxb5 15. cxb5
Bd6 16. Ba3 Qe7 17. Bxd6 Qxd6 18. g3 Rac8 19. Be2 Ne6 20. Ndb1 g5 21. h4 g4 22.
Kd2 h5 23. Qa3 Qxa3 24. Nxa3 Rfd8 25. Bd1 Nc7 26. Bb3 Be6 27. Nc2 Na8 28. Nb4
Nb6 29. Ne2 Nc4+ 30. Bxc4 dxc4 31. Nf4 Bf7 32. Rc3 Kg7 33. Kc2 Kh6 34. Kb2 Rd7
35. Rhc1 Bg8 36. Ka3 Bf7 37. Nc2 Nd5 38. Nxd5 Bxd5 39. Kb4 a5+ 40. Kxa5 Ra8+
41. Kb4 b6 42. Ra1 Rc7 43. Na3 Rac8 44. Rac1 1-0

[Event "Bad Woerishofen op"]
[Site "Bad Woerishofen"]
[Date "2000.??.??"]
[Round "1"]
[White "Porubszki, Georg"]
[Black "Petrosjan, Suren"]
[Result "0-1"]
[WhiteElo "2003"]
[BlackElo "2366"]
[PlyCount "60"]
[EventDate "1998.03.05"]
[Source "ChessBase"]
[SourceDate "1998.04.29"]

1. d4 Nf6 2. Nf3 g6 3. e3 Bg7 4. c4 c5 5. Nc3 O-O 6. Be2 cxd4 7. exd4 d5 8. c5
b6 9. cxb6 Qxb6 10. Na4 Qd6 11. O-O Ne4 12. Nc3 Nc6 13. Be3 Bg4 14. h3 Bxf3 15.
Bxf3 f5 16. g3 Rac8 17. Bg2 e6 18. Na4 g5 19. Bxe4 dxe4 20. d5 Qxd5 21. Bxg5
Nd4 22. Be3 Rfd8 23. Bxd4 Bxd4 24. Qd2 Qb5 25. Qg5+ Kh8 26. b3 Qe5 27. Rac1 e3
28. Rxc8 Rxc8 29. Qf4 Qxf4 30. gxf4 Rg8+ 0-1

[Event "Bad Woerishofen op"]
[Site "?"]
[Date "2000.??.??"]
[Round "3"]
[White "Porubszki, Georg"]
[Black "Blessing, Tobias"]
[Result "1-0"]
[WhiteElo "2003"]
[BlackElo "1740"]
[PlyCount "51"]
[EventDate "2000.??.??"]

1. Nf3 d6 2. d4 f5 3. Nc3 Nf6 4. Bg5 e6 5. e4 fxe4 6. Nxe4 Be7 7. Nxf6+ Bxf6 8.
Qd2 O-O 9. Bc4 Kh8 10. O-O-O a6 11. Rhe1 d5 12. Bd3 b6 13. h4 c5 14. c3 Nc6 15.
Ne5 Nxe5 16. dxe5 Bxg5 17. hxg5 g6 18. Rh1 Kg8 19. Rh6 Ra7 20. Rdh1 Rg7 21. Qe3
Qc7 22. Kb1 b5 23. Qh3 c4 24. Bxg6 hxg6 25. Rh8+ Kf7 26. Qf3+ 1-0

[Event "Bad Woerishofen op"]
[Site "?"]
[Date "2000.??.??"]
[Round "4"]
[White "Porubszki, Georg"]
[Black "Oud, Niek"]
[Result "1/2-1/2"]
[WhiteElo "2003"]
[BlackElo "2194"]
[PlyCount "109"]
[EventDate "2000.??.??"]

1. Nf3 d5 2. b3 Nf6 3. Bb2 e6 4. e3 Be7 5. Be2 O-O 6. O-O c5 7. d3 Nc6 8. Ne5
Nd7 9. Nxd7 Bxd7 10. Nd2 e5 11. c4 d4 12. Bf3 Qc7 13. Qe2 Rae8 14. a3 a5 15.
Rab1 f5 16. Bd5+ Kh8 17. Qf3 Rf6 18. exd4 exd4 19. Qd1 Bd6 20. Nf3 Ne7 21. b4
Nxd5 22. cxd5 b6 23. bxc5 bxc5 24. Bc1 Bc8 25. Re1 Rff8 26. Rxe8 Rxe8 27. Qa4
Bd7 28. Qd1 Kg8 29. h3 a4 30. Bd2 Bf4 31. Bxf4 Qxf4 32. Rb7 Qd6 33. Qc2 Qxd5
34. Rc7 Bc6 35. Kf1 Kf8 36. Qc4 Qxc4 37. dxc4 Bxf3 38. gxf3 Rb8 39. Rxc5 Rb3
40. Rxf5+ Ke7 41. Rd5 Rxf3 42. Kg2 Rxa3 43. Rxd4 Rc3 44. c5 a3 45. Ra4 Kd7 46.
Ra6 Kc7 47. c6 Kd6 48. Kh2 Kc5 49. c7 Kb4 50. Ra7 Kb3 51. Rb7+ Kc2 52. Ra7 Kb2
53. Rb7+ Kc1 54. Rb3 Rxc7 55. Rxa3 1/2-1/2

[Event "Bad Woerishofen op"]
[Site "?"]
[Date "2000.??.??"]
[Round "7"]
[White "Porubszki, Georg"]
[Black "Koenigseder, Helmut"]
[Result "1-0"]
[WhiteElo "2003"]
[BlackElo "1753"]
[PlyCount "71"]
[EventDate "2000.??.??"]

1. Nf3 c5 2. b3 d6 3. Bb2 e5 4. e4 Nf6 5. d3 Nc6 6. Be2 Be7 7. O-O O-O 8. Nbd2
Nd4 9. c3 Nxe2+ 10. Qxe2 Ne8 11. d4 f6 12. h3 Nc7 13. Rad1 Qe8 14. dxc5 dxc5
15. Nc4 b6 16. Rfe1 Ne6 17. Bc1 Bb7 18. Nh4 b5 19. Nd6 Bxd6 20. Rxd6 Rd8 21.
Red1 Rxd6 22. Rxd6 a6 23. f3 Rf7 24. Qd1 Bc8 25. Nf5 Rd7 26. Qd5 Rxd6 27. Nxd6
Qd7 28. Be3 Qc7 29. f4 exf4 30. Bxf4 Kf8 31. Bh2 Qd8 32. Qc6 Nc7 33. Qxc5 Qe7
34. Qc6 Be6 35. Nf5 Bxf5 36. Bd6 1-0

[Event "Bad Woerishofen op"]
[Site "?"]
[Date "2000.??.??"]
[Round "9"]
[White "Porubszki, Georg"]
[Black "Marotzke, Stefan"]
[Result "0-1"]
[WhiteElo "2003"]
[BlackElo "1674"]
[PlyCount "61"]
[EventDate "2000.??.??"]

1. e4 d5 2. exd5 Nf6 3. d4 Nxd5 4. c4 Nb6 5. Nf3 g6 6. h3 Bg7 7. Nc3 O-O 8. Be3
Nc6 9. d5 Ne5 10. Nxe5 Bxe5 11. Bd4 Bxd4 12. Qxd4 c6 13. O-O-O cxd5 14. c5 Nd7
15. Qxd5 Qc7 16. Qd4 Qxc5 17. Qxc5 Nxc5 18. Bc4 Bf5 19. Rhe1 Rac8 20. g4 Be6
21. Bxe6 fxe6 22. Re2 Rf3 23. Kb1 Rxh3 24. Nb5 a6 25. Nd4 Rd3 26. Rxd3 Nxd3 27.
a3 Rc1+ 28. Ka2 Rf1 29. Nb3 Rxf2 30. Rxe6 Rxb2+ 31. Ka1 0-1

[Event "Bad Woerishofen op"]
[Site "Bad Woerishofen"]
[Date "2000.??.??"]
[Round "2"]
[White "Prestel, Oliver"]
[Black "Kuprejchik, Victor"]
[Result "0-1"]
[WhiteElo "2186"]
[BlackElo "2480"]
[PlyCount "73"]
[EventDate "1998.03.05"]
[Source "ChessBase"]
[SourceDate "1998.04.29"]

1. d4 Nf6 2. c4 e6 3. Nf3 d5 4. Nc3 Bb4 5. a3 Bxc3+ 6. bxc3 O-O 7. Qc2 c5 8.
Bg5 Nbd7 9. e3 Qa5 10. Nd2 cxd4 11. exd4 b6 12. Bf4 Re8 13. Be2 Ba6 14. Bd6
dxc4 15. O-O Qd5 16. Bg3 e5 17. dxe5 Nxe5 18. Nf3 Bb7 19. Rfd1 Qc6 20. Qf5 Ng6
21. Bf1 Qa4 22. Rd4 Rac8 23. Nd2 Rc5 24. Qb1 Bd5 25. Qb4 Qc6 26. a4 Ne7 27.
Bxc4 Rc8 28. Bb5 Qb7 29. Bd6 Nf5 30. Rf4 Nxd6 31. Rxf6 gxf6 32. Qg4+ Kh8 33.
Bd3 Rg8 34. Qh4 Rxg2+ 35. Kf1 Rg7 36. Qxf6 Qd7 37. Re1 0-1

[Event "Bad Woerishofen op"]
[Site "?"]
[Date "2000.??.??"]
[Round "4"]
[White "Prestel, Oliver"]
[Black "Loginov, Valeri"]
[Result "1/2-1/2"]
[WhiteElo "2186"]
[BlackElo "2512"]
[PlyCount "115"]
[EventDate "2000.??.??"]

1. d4 Nf6 2. c4 g6 3. Nc3 Bg7 4. Nf3 O-O 5. g3 d6 6. Bg2 c6 7. O-O Bf5 8. Re1
Ne4 9. Nd2 Nxd2 10. Qxd2 Qb6 11. e4 Be6 12. d5 Bd7 13. Rb1 Qb4 14. Bf1 Na6 15.
Qc2 Qa5 16. Bd2 Rfe8 17. a3 cxd5 18. Nxd5 Qd8 19. Bc3 f6 20. Rbd1 Nc5 21. b3 a6
22. Qa2 Kh8 23. Bd4 b6 24. Bg2 Rb8 25. f4 b5 26. cxb5 axb5 27. e5 fxe5 28. fxe5
Bg4 29. Rd2 Ne6 30. Ba1 Ng5 31. exd6 e5 32. Nc7 Rf8 33. Rxe5 Nh3+ 34. Kh1 Nf2+
35. Rxf2 Qxd6 36. Rd5 Qxc7 37. Bxg7+ Qxg7 38. Rxf8+ Rxf8 39. h3 Be6 40. Rxb5
Qd4 41. Qe2 Rc8 42. Qe5+ Qxe5 43. Rxe5 Bxb3 44. Rb5 Ba4 45. Ra5 Bc6 46. Bxc6
Rxc6 47. Kg2 Rc3 48. Ra7 h5 49. a4 Ra3 50. h4 Kg8 51. a5 Kf8 52. a6 Ke8 53.
Ra8+ Kf7 54. a7 Kg7 55. Kf2 Ra2+ 56. Ke3 Ra3+ 57. Kf4 Ra4+ 58. Ke5 1/2-1/2

[Event "Bad Woerishofen op"]
[Site "?"]
[Date "2000.??.??"]
[Round "6"]
[White "Prestel, Oliver"]
[Black "Weiland, Guenter"]
[Result "1/2-1/2"]
[WhiteElo "2186"]
[BlackElo "2093"]
[PlyCount "105"]
[EventDate "2000.??.??"]

1. d4 Nf6 2. c4 c5 3. Nf3 cxd4 4. Nxd4 Nc6 5. Nc3 d6 6. g3 g6 7. Bg2 Bd7 8. b3
Bg7 9. Bb2 Nxd4 10. Qxd4 Bc6 11. e4 O-O 12. Qd2 Nd7 13. O-O a5 14. Rae1 Nc5 15.
Nd5 Bxb2 16. Qxb2 Nd3 17. Qd4 Nxe1 18. Rxe1 e5 19. Qd2 Bxd5 20. Qxd5 Qe7 21.
Rd1 Rfd8 22. h4 h5 23. Bh3 Kg7 24. Rd3 a4 25. b4 Qc7 26. Rf3 Rf8 27. g4 hxg4
28. Bxg4 Rh8 29. Rh3 Raf8 30. Bd1 Rh6 31. h5 Ra8 32. Rg3 Qc6 33. Qd3 Qb6 34. a3
Qc7 35. Qd5 Qc6 36. Qd3 Qc7 37. Qc3 Rc8 38. Bg4 Rch8 39. f4 Rxh5 40. Bxh5 Rxh5
41. f5 Qe7 42. fxg6 fxg6 43. Qd2 Qe6 44. Qd1 Rh3 45. Rxh3 Qxh3 46. Qxd6 Qg3+
47. Kf1 Qf3+ 48. Ke1 Qxe4+ 49. Kd2 Qg2+ 50. Ke3 Qg3+ 51. Kd2 Qf4+ 52. Kc3 Qf3+
53. Kd2 1/2-1/2

[Event "Bad Woerishofen op"]
[Site "?"]
[Date "2000.??.??"]
[Round "8"]
[White "Prestel, Oliver"]
[Black "Gerhards, Walter"]
[Result "0-1"]
[WhiteElo "2186"]
[BlackElo "1900"]
[PlyCount "82"]
[EventDate "2000.??.??"]

1. d4 Nf6 2. c4 e6 3. Nf3 d5 4. Nc3 c6 5. e3 Nbd7 6. Qc2 Be7 7. Be2 O-O 8. O-O
dxc4 9. Bxc4 c5 10. Rd1 Qe8 11. Nb5 Qd8 12. dxc5 Bxc5 13. b4 Be7 14. Bb2 a6 15.
Nd6 Qc7 16. Nf5 Bxb4 17. Qb3 exf5 18. Qxb4 b5 19. Bd3 Nc5 20. Ba3 Ne6 21. Rac1
Qb6 22. Bxf5 Rd8 23. Qe7 Re8 24. Qb4 a5 25. Qh4 b4 26. Bb2 Nf8 27. Bd4 Qb7 28.
Bxc8 Raxc8 29. Bxf6 gxf6 30. Nd4 Rxc1 31. Rxc1 Ng6 32. Qxf6 Rc8 33. Rd1 Qd5 34.
h3 a4 35. Nf5 Qxd1+ 36. Kh2 Kf8 37. Nd6 Qd5 38. Nxc8 Qe5+ 39. Qxe5 Nxe5 40. Nb6
b3 41. axb3 a3 0-1

[Event "Bad Woerishofen op"]
[Site "Bad Woerishofen"]
[Date "2000.??.??"]
[Round "1"]
[White "Probst, Joachim"]
[Black "Lieb, Harald"]
[Result "0-1"]
[WhiteElo "1850"]
[BlackElo "2252"]
[PlyCount "60"]
[EventDate "1998.03.05"]
[Source "ChessBase"]
[SourceDate "1998.04.29"]

1. e4 e6 2. d4 d5 3. Nd2 Nf6 4. e5 Nfd7 5. f4 c5 6. c3 Nc6 7. Ngf3 Qb6 8. Nb3
a5 9. a4 cxd4 10. cxd4 Bb4+ 11. Kf2 f6 12. Bb5 fxe5 13. fxe5 O-O 14. Be3 Ne7
15. g4 Qd8 16. Kg3 Nb6 17. Bd3 Nc4 18. Bc1 Bd7 19. Rf1 Rc8 20. Ng5 h6 21. Nf3
Qe8 22. Nc5 Bxc5 23. dxc5 Rxc5 24. b3 Rxf3+ 25. Rxf3 Nxe5 26. Re3 Nxd3 27. Qxd3
Ng6 28. Qd4 Qb8+ 29. Kh3 Nf4+ 30. Kh4 g5+ 0-1

[Event "Bad Woerishofen op"]
[Site "?"]
[Date "2000.??.??"]
[Round "4"]
[White "Probst, Joachim"]
[Black "Urban, Rudi"]
[Result "1/2-1/2"]
[WhiteElo "1850"]
[BlackElo "2125"]
[PlyCount "78"]
[EventDate "2000.??.??"]

1. e4 e5 2. Nf3 Qe7 3. Nc3 c6 4. Be2 d6 5. O-O Nf6 6. Re1 Qc7 7. h3 Be7 8. d3
O-O 9. Be3 Nbd7 10. Qd2 Nc5 11. Rf1 a5 12. Nh2 d5 13. exd5 Nxd5 14. Nxd5 cxd5
15. c3 Ne6 16. d4 exd4 17. Bxd4 Nxd4 18. Qxd4 Be6 19. Qd2 Rfd8 20. Nf3 Rac8 21.
Nd4 Qe5 22. Rae1 Qf6 23. Nxe6 fxe6 24. Bg4 Rc6 25. Qe2 Rdd6 26. f4 Bd8 27. f5
e5 28. Qxe5 Qxe5 29. Rxe5 Bf6 30. Re8+ Kf7 31. Rb8 Rb6 32. Rf2 d4 33. c4 Rd7
34. b3 d3 35. Rd2 Rbd6 36. Bf3 Bc3 37. Rd1 d2 38. Rxb7 Kf6 39. Rxd7 Rxd7
1/2-1/2

[Event "Bad Woerishofen op"]
[Site "?"]
[Date "2000.??.??"]
[Round "6"]
[White "Probst, Joachim"]
[Black "Meiser, Markus"]
[Result "0-1"]
[WhiteElo "1850"]
[BlackElo "2222"]
[PlyCount "66"]
[EventDate "2000.??.??"]

1. e4 c5 2. Nf3 d6 3. d4 cxd4 4. Nxd4 Nf6 5. Nc3 a6 6. Be2 e5 7. Nb3 Be7 8. O-O
O-O 9. Kh1 Be6 10. a4 d5 11. exd5 Nxd5 12. Nxd5 Bxd5 13. c4 Be6 14. Qxd8 Rxd8
15. Be3 Nc6 16. Bb6 Re8 17. a5 Rac8 18. Rfc1 f5 19. Kg1 Bg5 20. Rd1 Bf6 21. Rd2
e4 22. Nc5 Nd4 23. Bd1 Bxc4 24. Nxb7 Nb5 25. Ba4 Be5 26. Nc5 Bf4 27. Rd7 e3 28.
Nxa6 e2 29. Re1 Be6 30. Rd3 Rc1 31. Rxc1 Bxc1 32. Rd1 exd1=Q+ 33. Bxd1 Bc8 0-1

[Event "Bad Woerishofen op"]
[Site "?"]
[Date "2000.??.??"]
[Round "8"]
[White "Probst, Joachim"]
[Black "Oud, Niek"]
[Result "1/2-1/2"]
[WhiteElo "1850"]
[BlackElo "2194"]
[PlyCount "117"]
[EventDate "2000.??.??"]

1. e4 c5 2. Nf3 Nc6 3. d4 cxd4 4. Nxd4 Nf6 5. Nc3 d6 6. Be3 Ng4 7. Nxc6 bxc6 8.
Qd2 Nxe3 9. Qxe3 e5 10. Bc4 Be7 11. O-O O-O 12. Kh1 Be6 13. Bb3 Bg5 14. Qd3 Qc7
15. Rad1 Rad8 16. Qe2 Bxb3 17. axb3 Kh8 18. Rd3 f5 19. Qh5 Qe7 20. Rh3 h6 21.
exf5 d5 22. g4 Kg8 23. Ne2 Qb4 24. Nc3 Rf6 25. Rg3 Bf4 26. Rg2 e4 27. h4 Qd6
28. Ne2 Kf8 29. Nd4 Ke7 30. g5 hxg5 31. Qh7 Rh6 32. Qxg7+ Ke8 33. Rg4 Be5 34.
Qg8+ Kd7 35. Qf7+ Qe7 36. Qxe7+ Kxe7 37. Ne6 Rdh8 38. Ra1 Rxh4+ 39. Rxh4 Rxh4+
40. Kg2 Kf6 41. Rxa7 Kxf5 42. Nd8 Bxb2 43. Nxc6 d4 44. Rd7 e3 45. fxe3 dxe3 46.
Re7 Re4 47. Rxe4 Kxe4 48. Nb4 Bc1 49. Nd3 Bd2 50. Nc5+ Kd5 51. Nd3 Kd4 52. Kf3
Kc3 53. Ke2 Kxc2 54. b4 Kc3 55. b5 Kd4 56. b6 Ba5 57. b7 Bc7 58. Nb4 g4 59.
Nc2+ 1/2-1/2

[Event "Bad Woerishofen op"]
[Site "Bad Woerishofen"]
[Date "2000.??.??"]
[Round "1"]
[White "Pruess, Martin"]
[Black "Rahls, Peter"]
[Result "0-1"]
[WhiteElo "1870"]
[BlackElo "2265"]
[PlyCount "77"]
[EventDate "1998.03.05"]
[Source "ChessBase"]
[SourceDate "1998.04.29"]

1. e4 c5 2. Nc3 e6 3. Bc4 a6 4. a4 Nc6 5. f4 Nge7 6. e5 d5 7. exd6 Qxd6 8. d3
Ng6 9. Nge2 Be7 10. O-O O-O 11. Be3 Na5 12. Ne4 Qc7 13. Ba2 b6 14. N2g3 f5 15.
Nc3 Kh8 16. Qh5 Bf6 17. Nge2 Rd8 18. Rf3 Nf8 19. Rh3 g6 20. Qh6 Nc6 21. Bf2 Ne7
22. Bh4 Ng8 23. Bxf6+ Nxf6 24. Qg5 Ng4 25. Rg3 Kg7 26. h3 Nf6 27. Re3 Re8 28.
Re1 Bb7 29. Ng3 h6 30. Qh4 Qc6 31. R1e2 Rad8 32. Re5 b5 33. axb5 axb5 34. Nf1
Ra8 35. Bb3 c4 36. dxc4 bxc4 37. Ba2 N8d7 38. Rb5 Ba6 39. Rbe5 0-1

[Event "Bad Woerishofen op"]
[Site "?"]
[Date "2000.??.??"]
[Round "4"]
[White "Pruess, Martin"]
[Black "Schuster, Gerhard"]
[Result "1/2-1/2"]
[WhiteElo "1870"]
[BlackElo "2137"]
[PlyCount "32"]
[EventDate "2000.??.??"]

1. e4 c6 2. d4 d5 3. exd5 cxd5 4. Bd3 Nc6 5. c3 Nf6 6. Ne2 e5 7. dxe5 Ng4 8.
O-O Bc5 9. Nd4 O-O 10. e6 Qh4 11. h3 Nxf2 12. Rxf2 Nxd4 13. e7 Re8 14. cxd4
Bxd4 15. Qf3 Rxe7 16. Nd2 Bd7 1/2-1/2

[Event "Bad Woerishofen op"]
[Site "?"]
[Date "2000.??.??"]
[Round "7"]
[White "Pruess, Martin"]
[Black "Sakowski, Christian"]
[Result "0-1"]
[WhiteElo "1870"]
[BlackElo "1723"]
[PlyCount "90"]
[EventDate "2000.??.??"]

1. e4 c6 2. d4 d5 3. exd5 cxd5 4. Bd3 Nc6 5. c3 Qc7 6. Ne2 e6 7. Bf4 Bd6 8.
Bxd6 Qxd6 9. O-O Nf6 10. Nd2 O-O 11. f4 g6 12. Ng3 b6 13. Qe2 Bb7 14. Rae1 Rac8
15. Qe3 Ng4 16. Qe2 Nf6 17. Rf3 Rfd8 18. h4 h5 19. Ref1 Ng4 20. Nh1 Kg7 21. Rg3
Ne7 22. Rxg4 hxg4 23. Qxg4 Nf5 24. Rf3 Rh8 25. Rh3 Qe7 26. h5 Nh6 27. Qf3 Nf5
28. g4 Nd6 29. Ng3 Ne4 30. Ndxe4 dxe4 31. Bxe4 Bxe4 32. Qxe4 Qc7 33. g5 gxh5
34. Nxh5+ Kf8 35. g6 fxg6 36. Qxe6 Rxh5 37. Rxh5 gxh5 38. Qf5+ Ke7 39. Qg5+ Kd7
40. Qd5+ Qd6 41. Qf7+ Kc6 42. Qxa7 Rg8+ 43. Kf2 Qxf4+ 44. Ke2 Qe4+ 45. Kf1 Rf8+
0-1

[Event "Bad Woerishofen op"]
[Site "?"]
[Date "2000.??.??"]
[Round "9"]
[White "Pruess, Martin"]
[Black "Lang, Ludwig"]
[Result "1-0"]
[WhiteElo "1870"]
[BlackElo "1119"]
[PlyCount "61"]
[EventDate "2000.??.??"]

1. e4 e5 2. Nf3 d6 3. d4 Nd7 4. Nc3 Be7 5. Bc4 Ngf6 6. O-O O-O 7. Bg5 c5 8. d5
a5 9. Qd2 b6 10. a4 Bb7 11. h3 h6 12. Be3 Nh7 13. Nh2 Ndf6 14. f4 exf4 15. Bxf4
Ne8 16. Nf3 f5 17. exf5 Rxf5 18. Rae1 Rf8 19. Re2 Nc7 20. Rfe1 Bf6 21. Ne4 Be7
22. Nxc5 bxc5 23. Rxe7 Re8 24. Rxe8+ Nxe8 25. Qe3 Nc7 26. Qe7 Qxe7 27. Rxe7
Bxd5 28. Rxc7 Bxc4 29. Bxd6 Re8 30. Rxc5 Be6 31. Rxa5 1-0

[Event "Bad Woerishofen op"]
[Site "?"]
[Date "2000.??.??"]
[Round "2"]
[White "Rahls, Peter"]
[Black "Buchner, Rudolf"]
[Result "1-0"]
[WhiteElo "2265"]
[BlackElo "2110"]
[PlyCount "147"]
[EventDate "2000.??.??"]

1. e4 e5 2. Nc3 Nf6 3. g3 Bc5 4. Bg2 O-O 5. d3 c6 6. Nge2 h6 7. O-O d5 8. exd5
cxd5 9. d4 exd4 10. Nxd4 Bb6 11. Bf4 Nc6 12. Ndb5 Be6 13. Na4 Ne4 14. Nxb6 Qxb6
15. a4 Rac8 16. Be3 Qa5 17. f3 a6 18. fxe4 axb5 19. exd5 Rfd8 20. Qe2 Bxd5 21.
axb5 Bxg2 22. Kxg2 Qc7 23. bxc6 Qxc6+ 24. Qf3 Qxc2+ 25. Rf2 Qb3 26. Ra3 Qe6 27.
Rc3 Rxc3 28. bxc3 Rd3 29. Re2 Rxc3 30. Kf2 Qb3 31. Qe4 Rc6 32. Rd2 Rc8 33. Bxh6
f5 34. Qe3 Qf7 35. Bf4 Re8 36. Qd3 Kh7 37. Qd5 Re6 38. h4 Kg6 39. Bg5 b5 40.
Qxb5 Qa7+ 41. Kg2 Re1 42. Rd6+ Kh5 43. Be3 Qa2+ 44. Rd2 Qe6 45. Bf4 Kg4 46. Kf2
Qe4 47. Re2 Qb1 48. Qxb1 Rxb1 49. Re6 Kh5 50. Rc6 Rb3 51. Ke2 Ra3 52. Kd2 Rf3
53. Rc3 Rf1 54. Kd3 Rd1+ 55. Kc4 Kg4 56. Rd3 Re1 57. Kd5 Re4 58. Kd6 Re8 59.
Ra3 Re1 60. Ra6 Kh5 61. Kd5 Rd1+ 62. Ke5 g6 63. Re6 Ra1 64. Kf6 Ra7 65. Bd6 Rd7
66. Ke5 g5 67. Be7 f4 68. gxf4 g4 69. f5 g3 70. Bc5 Rd1 71. Rg6 Kxh4 72. f6
Re1+ 73. Kf5 Rc1 74. Rh6# 1-0

[Event "Bad Woerishofen op"]
[Site "?"]
[Date "2000.??.??"]
[Round "4"]
[White "Rahls, Peter"]
[Black "Kalinitschew, Sergey"]
[Result "0-1"]
[WhiteElo "2265"]
[BlackElo "2504"]
[PlyCount "118"]
[EventDate "2000.??.??"]

1. e4 c5 2. c3 e6 3. d4 d5 4. exd5 exd5 5. Be3 cxd4 6. Bxd4 Nc6 7. Nf3 Nh6 8.
Be2 Nf5 9. O-O Bd6 10. Bb5 O-O 11. Bxc6 bxc6 12. Be5 Rb8 13. b3 Re8 14. Bxd6
Nxd6 15. Nbd2 Qf6 16. Rc1 Bg4 17. h3 Bh5 18. Re1 Nb5 19. Qc2 Bg6 20. Qb2 Rxe1+
21. Nxe1 d4 22. cxd4 Nxd4 23. Nc4 Re8 24. Rd1 c5 25. Qa3 Re2 26. Nf3 Nxf3+ 27.
gxf3 h6 28. Qxc5 Qxf3 29. Ne5 Qf5 30. Nxg6 Qxg6+ 31. Kf1 Rxa2 32. Qe3 Qa6+ 33.
Kg2 Qc6+ 34. Qf3 Qg6+ 35. Qg3 Qb6 36. Re1 Rb2 37. Re8+ Kh7 38. Qd3+ g6 39. Re3
Qc6+ 40. Rf3 Rc2 41. Kg1 Rc1+ 42. Kh2 Qc7+ 43. Kg2 Rc5 44. Qe3 Rg5+ 45. Kf1 Qd7
46. Qd3 Rd5 47. Qc4 Kg8 48. Rc3 Kg7 49. Re3 Rf5 50. Qd3 Qb7 51. Qd4+ Kh7 52.
Ke2 Qa6+ 53. Rd3 Qa2+ 54. Ke1 Qb1+ 55. Ke2 Qc2+ 56. Ke1 a5 57. Rc3 Qb1+ 58. Ke2
Qb2+ 59. Kf1 Rf3 0-1